Statistics for Classic Rock Groups By Lead Guitarist

Click here to take the quiz!

General Stats

  • This quiz has been taken 623 times
  • The average score is 17 of 30

Answer Stats

Guitarist Answer % Correct
George HarrisonThe Beatles
98%
Keith RichardsThe Rolling Stones
94%
Jimmy PageLed Zeppelin
91%
SlashGuns N' Roses
88%
Pete TownshendThe Who
88%
Eric Clapton (1966-68)Cream
86%
Angus YoungAC/DC
84%
Brian MayQueen
78%
David GilmourPink Floyd
75%
The Edgeu2
72%
Joe PerryAerosmith
70%
Mark KnopflerDire Straits
70%
Lindsey BuckinghamFleetwood Mac
63%
Jerry GarciaThe Grateful Dead
61%
Tony IommiBlack Sabbath
61%
Billy GibbonsZZ Top
52%
Ritchie BlackmoreDeep Purple
48%
Richie SamboraBon Jovi
47%
Alex LifesonRush
43%
Andy SummersThe Police
43%
Dave DaviesThe Kinks
40%
Robby KriegerThe Doors
36%
Mick MarsMötley Crüe
34%
C.C. DeVillePoison
31%
Mike RutherfordGenesis
30%
Mick JonesForeigner
30%
Robbie RobertsonThe Band
26%
Mick JonesThe Clash
24%
Steve JonesThe Sex Pistols
21%
Rick NielsenCheap Trick
20%

Score Distribution

Percentile by Number Answered

Percent of People with Each Score

Your Score History

You have not taken this quiz